General Knowledge #2 - Statistics

General Stats
  • This quiz has been taken 31 times
  • The average score is 7 of 10
Answer Stats
Hint Answer % Correct
Who painted the Mona Lisa? Leonardo da Vinci
100%
What is the longest river in the world? Nile
97%
Which planet has the most moons in our solar system? Saturn
90%
What is the hardest natural substance on Earth? Diamond
86%
What is the capital of Australia? Canberra
83%
Which Footballer has won the most Ballon d'Or (8) Lionel Messi
79%
Which gas makes up the majority of Earth’s atmosphere? Nitrogen
66%
In what year did the French Revolution begin? 1789
45%
What is the term for animals that eat both plants and meat? Omnivores
38%
Which ancient civilization built Machu Picchu? The Inca Empire
7%
No matching quizzes found
Score Distribution
Percent of People with Each Score
Percentile by Number Answered
Your Score History
You have not taken this quiz